Some characterization problems associated with the bivariate exponential and geometric distributions (Record no. 1970)

MARC details
000 -LEADER
fixed length control field 00670nam a22001577a 4500
005 - DATE AND TIME OF LATEST TRANSACTION
control field 20090729144038.0
008 - FIXED-LENGTH DATA ELEMENTS--GENERAL INFORMATION
fixed length control field 090729t xxu||||| |||| 00| 0 eng d
080 ## - UNIVERSAL DECIMAL CLASSIFICATION NUMBER
Universal Decimal Classification number 517.982.4:514
Item number MUR
100 ## - MAIN ENTRY--PERSONAL NAME
Personal name Muraleedharan Nair, K.R.
245 ## - TITLE STATEMENT
Title Some characterization problems associated with the bivariate exponential and geometric distributions
300 ## - PHYSICAL DESCRIPTION
Extent ii, 177p.
942 ## - ADDED ENTRY ELEMENTS (KOHA)
item type Books
260 ## - PUBLICATION, DISTRIBUTION, ETC. (IMPRINT)
Place of publication, distribution, etc Cochin
Name of publisher, distributor, etc Dept. of Mathematics and Statistics
Date of publication, distribution, etc 1990
500 ## - GENERAL NOTE
General note Thesis (Ph.D), University of Cochin, 1990 <br/>Guide: N.Unnikrishnan Nair
260 ## - PUBLICATION, DISTRIBUTION, ETC. (IMPRINT)
-- 1078
Holdings
Lost status Source of classification or shelving scheme Not for loan Home library Current library Date acquired Total Checkouts Full call number Barcode Date last seen Price effective from Koha item type
  Universal Decimal Classification   University Library University Library 29/07/2009   517.982.4:514 MUR G0004819 29/07/2009 29/07/2009 Theses
University Library, CUSAT